| 000 | 01061nam a2200325Ia 4500 | ||
|---|---|---|---|
| 001 | dia_3151 | ||
| 003 | CHAP | ||
| 005 | 20230831085228.0 | ||
| 008 | 220117s2004 xx 000 0 und d | ||
| 010 | _a173650 | ||
| 020 | _a0-07-223144-0 | ||
| 040 | _cCHAP | ||
| 082 | _a005.3695 S54 2004 | ||
| 100 |
_aShepherd, Richard _9105634 |
||
| 245 |
_aExcel VBA Macro programming / _c Richard Shepherd |
||
| 260 |
_aEstados Unidos de América : _b McGraw-Hill :, _b Osborne, _c2004 |
||
| 300 | _axv, 319 p. | ||
| 503 | _aC/e | ||
| 590 | _aHF5548.4.M523 S54 2004 | ||
| 650 |
_aBusiness _xComputer programs _9147152 |
||
| 650 |
_aElectronic spreadsheets _9147153 |
||
| 650 |
_aHojas de cálculo electrónico _955866 |
||
| 650 | 0 |
_aMicrosoft Excel (Programa de computadora) _9154176 |
|
| 650 |
_aMicrosoft Excel (Computer file) _9147155 |
||
| 650 |
_aNegocios _xProgramas para computadora _9147156 |
||
| 901 | _a005.3695 S54 2004 | ||
| 902 | _aM | ||
| 905 | _a5232272004 -usa 8222223322eng16 | ||
| 942 |
_cLIBRO _2ddc |
||
| 999 |
_c173650 _d173650 |
||